| Tag |
First Indicator |
Second Indicator |
Subfields |
| LEADER |
00000cam a22000004a 4500 |
| 001 |
in00002422421 |
| 005 |
20151110072450.0 |
| 008 |
080429s2008 deua bk s011 0 eng |
| 010 |
|
|
|a 2008019286
|
| 020 |
|
|
|a 9780874130126 (alk. paper)
|
| 020 |
|
|
|a 0874130123 (alk. paper)
|
| 035 |
|
|
|a (OCoLC)ocn226911779
|
| 035 |
|
|
|a (OCoLC)226911779
|
| 040 |
|
|
|a DLC
|c DLC
|d YDX
|d BTCTA
|d YDXCP
|d CDX
|d BWX
|d UtOrBLW
|
| 049 |
|
|
|a TXAM
|
| 050 |
0 |
0 |
|a PR448.S35
|b I63 2008
|
| 082 |
0 |
0 |
|a 820.9/353
|2 22
|
| 245 |
0 |
0 |
|a Imagining selves :
|b essays in honor of Patricia Meyer Spacks /
|c edited by Rivka Swenson and Elise Lauterbach.
|
| 264 |
|
1 |
|a Newark :
|b University of Delaware Press,
|c [2008]
|
| 264 |
|
4 |
|c ©2008
|
| 300 |
|
|
|a 325 pages :
|b illustrations ;
|c 24 cm.
|
| 336 |
|
|
|a text
|b txt
|2 rdacontent
|
| 337 |
|
|
|a unmediated
|b n
|2 rdamedia
|
| 338 |
|
|
|a volume
|b nc
|2 rdacarrier
|
| 504 |
|
|
|a Includes bibliographical references, discography (pages 305-310) and index.
|
| 650 |
|
0 |
|a Self in literature.
|
| 650 |
|
0 |
|a English literature
|y 18th century
|x History and criticism.
|
| 650 |
|
0 |
|a English literature
|x History and criticism.
|
| 600 |
1 |
0 |
|a Spacks, Patricia Meyer.
|
| 700 |
1 |
|
|a Swenson, Rivka,
|d 1973-
|
| 700 |
1 |
|
|a Lauterbach, Elise,
|d 1978-
|
| 700 |
1 |
|
|a Spacks, Patricia Meyer.
|
| 938 |
|
|
|a Baker and Taylor
|b BTCP
|n 2008019286
|
| 938 |
|
|
|a YBP Library Services
|b YANK
|n 2925445
|
| 938 |
|
|
|a Coutts Information Services
|b COUT
|n 8315984
|c 17.00 GBP
|
| 938 |
|
|
|a Blackwell Book Service
|b BBUS
|n R8766433
|c $64.50
|
| 945 |
|
|
|a PromptCat
|b 637194
|
| 946 |
|
|
|a stk
|
| 947 |
|
|
|a A14837397257
|
| 994 |
|
|
|a 92
|b TXA
|
| 948 |
|
|
|a cataloged
|b h
|d 2009/3/4
|h c
|e asalazar
|f 12:55:09 pm
|
| 999 |
|
|
|a MARS
|
| 999 |
f |
f |
|s 70f6193e-2bb1-35b1-a419-50f5838d817f
|i 7df2de75-2e32-3191-bf9a-29ae2852cd6f
|t 0
|
| 952 |
f |
f |
|p normal
|a Texas A&M University
|b College Station
|c Sterling C. Evans Library
|d Evans: Library Stacks
|t 0
|e PR448.S35 I63 2008
|h Library of Congress classification
|i unmediated -- volume
|m A14837397257
|
| 998 |
f |
f |
|a PR448.S35 I63 2008
|t 0
|l Evans: Library Stacks
|